UK REITs make a wrong start (Record no. 76478)
[ view plain ]
| 000 -LEADER | |
|---|---|
| fixed length control field | 01035cab a2200169 4500 |
| 001 - CONTROL NUMBER | |
| control field | ##L132504 |
| 008 - FIXED-LENGTH DATA ELEMENTS--GENERAL INFORMATION | |
| fixed length control field | 060213n2006 000 0 eng u |
| 035 ## - SYSTEM CONTROL NUMBER | |
| System control number | (Sirsi) u132504 |
| 041 0# - LANGUAGE CODE | |
| Language code of text/sound track or separate title | eng |
| 245 00 - TITLE STATEMENT | |
| Title | UK REITs make a wrong start |
| 260 ## - PUBLICATION, DISTRIBUTION, ETC. | |
| Date of publication, distribution, etc. | 2006 |
| 490 #0 - SERIES STATEMENT | |
| Series statement | EuroProperty |
| Volume/sequential designation | February 2006, 16(1) |
| 520 ## - SUMMARY, ETC. | |
| Summary, etc. | Examines the affects of two restrictions that the UK REIT regime looks set to introduce when it is in place by January 2007. Rule one is that no one person will be able to own more than 10% of a REIT's shares. This would disqualify many small and medium-sized companies, and in some cases a fewer larger ones too. The second rule applies to restrictions on gearing, that will prevent most major companies from converting. Therefore, if a REIT's interest cover is less than 2.5% an additional tax charge will be included. The article provides a concise list of proposed UK REIT regulations. |
| 590 ## - LOCAL NOTE (RLIN) | |
| Local note | IKA140206 |
| 690 ## - LOCAL SUBJECT ADDED ENTRY--TOPICAL TERM (OCLC, RLIN) | |
| Topical term or geographic name as entry element | PROPERTY-PROPERTY FINANCE AND INVESTMENT-REAL ESTATE INVESTMENT TRUSTS |
| 942 ## - ADDED ENTRY ELEMENTS (KOHA) | |
| Suppress in OPAC | 0 |
| Withdrawn status | Lost status | Source of classification or shelving scheme | Damaged status | Not for loan | Home library | Current library | Shelving location | Date acquired | Total Checkouts | Full call number | Barcode | Date last seen | Copy number | Price effective from | Koha item type |
|---|---|---|---|---|---|---|---|---|---|---|---|---|---|---|---|
| Dewey Decimal Classification | London | London | Journal article | 13/02/2006 | L132504 | 132504-1001 | 06/08/2019 | 1 | 06/08/2019 | Archive |